Le immagini del fascismo nelle arti figurative /

-д хадгалсан:
Номзүйн дэлгэрэнгүй
Үндсэн зохиолч: Armellini, Guido (Зохиогч)
Формат: Ном
Хэл сонгох:итали
Хэвлэсэн: Milano : Fabbri, 1980
Нөхцлүүд:
Шошгууд: Шошго нэмэх
Шошго байхгүй, Энэхүү баримтыг шошголох эхний хүн болох!

MARC

LEADER 00000nam a22000007i 4500
001 IT\ICCU\RAV\0145432
003 ItRI
005 20260115232306.0
008 910610s1980 it |||||| ||||| |||||c
015 |2 IT  |a 8010160 
040 |b ita  |c importazione bologna sebina 
041 7 |a ita  |2 ISO-639-2 
082 |a 709.4  |9 ARTE. EUROPA  |2 18 
100 1 |a Armellini, Guido  |0 IT\ICCU\CFIV\066502  |4 aut 
240 1 3 |a Le immagini del fascismo nelle arti figurative  |3 IT\ICCU\MOD\1716087  |9 Armellini, Guido 
245 1 3 |a Le immagini del fascismo nelle arti figurative /  |c Guido Armellini. 
260 |a Milano :  |b Fabbri,  |c 1980 
300 |a 184 p. :  |b ill. ;  |c 29 cm 
650 7 |a Arte e politica  |x Italia  |x 1909-1939  |2 scbi 
942 |2 ddc  |c BK  |n 0 
952 |0 0  |1 0  |4 0  |6 DOC_709_040000000000000_ARM  |7 0  |9 23678  |a BO  |b BO  |d 2026-01-15  |i 9724  |l 0  |o DOC 709.04 ARM  |p BO9724  |r 2026-01-15 23:23:06  |w 2026-01-15  |x [Sebina 5] [1 v.]  |y BK  |z 1 v. 
999 |c 20162  |d 20162